000 00866nam a22002297a 4500
005 20170124110103.0
010 _aA-948842
020 _c00.00
_a0195645952
035 _aA-948842
037 _bCen Lib/Ret
040 _aDPL
_bEN
082 _a954.082
_bALA
100 _aAlavi, Seema
_927464
245 _aThe sepoys and the Company :
_cby Seema Alavi
_btradition and transition in Northern India, 1770-1830 /
260 _bOxford University Press
_c1998
_aNew Delhi
270 _aYMCA Library Building, Jai Singh Road
_bNew Delhi
_e110001
300 _axv, 315p. :
_c20cm(Hb)
_bill.
500 _aIncludes bibliographical references and index
650 _aEast India Company. -- Army -- Recruiting, enlistment, etc. -- History
_927465
650 _aIndia -- History -- Sepoy Rebellion, 1857-1858
_9101856
942 _2ddc
_cEN
_h954.082
_mALA
999 _c129810
_d129810